HOW TO WRITE A GREAT BUSINESS PLAN (Record no. 11097)

MARC details
000 -LEADER
fixed length control field 00355nam a2200133Ia 4500
008 - FIXED-LENGTH DATA ELEMENTS--GENERAL INFORMATION
fixed length control field 240624s9999 xx 000 0 und d
041 ## - LANGUAGE CODE
Language code of text/sound track or separate title eng
082 ## - DEWEY DECIMAL CLASSIFICATION NUMBER
Classification number 658.4 SAH
100 ## - MAIN ENTRY--PERSONAL NAME
Personal name SAHLMAN WILLIAM A
245 ## - TITLE STATEMENT
Title HOW TO WRITE A GREAT BUSINESS PLAN
260 ## - PUBLICATION, DISTRIBUTION, ETC.
Date of publication, distribution, etc. 2008
Place of publication, distribution, etc. Boston
Name of publisher, distributor, etc. Harvard Business School Press
300 ## - PHYSICAL DESCRIPTION
Extent 64 : p. : cm. ; 16
365 ## - TRADE PRICE
Currency code
Price amount 30
Holdings
Withdrawn status Lost status Damaged status Not for loan Home library Current library Shelving location Date acquired Source of acquisition Cost, normal purchase price Total Checkouts Total Renewals Total Holds Full call number Barcode Date last seen Date last checked out Copy number Price effective from Koha item type
        IMTN IMTN Rack 28-A 10/15/2008 BWE 8.95 1 1 4962 658.4 SAH 11097 10/29/2025 10/08/2025 48 06/24/2024 Books
Designed & Maintained by: LRC IMT Nagpur Contact: lrc@imtnag.ac.in© 2024. All Rights Reserved.